000 00642cam a22002053a 4500
001 44877
003 PGUSA
005 20140828084026.0
008 140212s2014||||xxu|||||s|||||000 | eng d
040 _aPGUSA
_beng
042 _adc
100 1 _aMillot, Michel
245 1 0 _aL'escole des filles :
_bréimpression complète du texte original sur la contrefaçon hollandaise de 1668
_h[electronic resource] /
_cMichel Millot
260 _bProject Gutenberg,
_c2014
506 _aPublic domain in the USA.
516 _aElectronic text
830 0 _aProject Gutenberg
_v44877
856 4 0 _uhttp://www.gutenberg.org/ebooks/44877
942 _cEB
999 _c274128
_d274128